<?xml version="1.0" encoding="UTF-8"?><?xml-stylesheet type="text/xsl" href="static/style.xsl"?><OAI-PMH xmlns="http://www.openarchives.org/OAI/2.0/" xmlns:xsi="http://www.w3.org/2001/XMLSchema-instance" xsi:schemaLocation="http://www.openarchives.org/OAI/2.0/ http://www.openarchives.org/OAI/2.0/OAI-PMH.xsd"><responseDate>2026-04-13T13:44:41Z</responseDate><request verb="GetRecord" identifier="oai:www.recercat.cat:10459.1/467202" metadataPrefix="marc">https://recercat.cat/oai/request</request><GetRecord><record><header><identifier>oai:recercat.cat:10459.1/467202</identifier><datestamp>2025-09-15T18:19:08Z</datestamp><setSpec>com_2072_3622</setSpec><setSpec>col_2072_479130</setSpec></header><metadata><record xmlns="http://www.loc.gov/MARC21/slim" xmlns:dcterms="http://purl.org/dc/terms/" xmlns:xsi="http://www.w3.org/2001/XMLSchema-instance" xmlns:doc="http://www.lyncode.com/xoai" xsi:schemaLocation="http://www.loc.gov/MARC21/slim http://www.loc.gov/standards/marcxml/schema/MARC21slim.xsd">
   <leader>00925njm 22002777a 4500</leader>
   <datafield ind2=" " ind1=" " tag="042">
      <subfield code="a">dc</subfield>
   </datafield>
   <datafield ind2=" " ind1=" " tag="720">
      <subfield code="a">Lavega i Burgués, Pere</subfield>
      <subfield code="e">author</subfield>
   </datafield>
   <datafield ind2=" " ind1=" " tag="720">
      <subfield code="a">Prat Ambrós, Queralt</subfield>
      <subfield code="e">author</subfield>
   </datafield>
   <datafield ind2=" " ind1=" " tag="720">
      <subfield code="a">Muñoz Arroyave, Verónica</subfield>
      <subfield code="e">author</subfield>
   </datafield>
   <datafield ind2=" " ind1=" " tag="720">
      <subfield code="a">Lagardera Otero, Francisco</subfield>
      <subfield code="e">author</subfield>
   </datafield>
   <datafield ind2=" " ind1=" " tag="720">
      <subfield code="a">Duran Delgado, Conxita</subfield>
      <subfield code="e">author</subfield>
   </datafield>
   <datafield ind2=" " ind1=" " tag="720">
      <subfield code="a">Rodríguez Arregi, Rosa</subfield>
      <subfield code="e">author</subfield>
   </datafield>
   <datafield ind2=" " ind1=" " tag="720">
      <subfield code="a">Ruiz Sánchez, Pedro</subfield>
      <subfield code="e">author</subfield>
   </datafield>
   <datafield ind2=" " ind1=" " tag="720">
      <subfield code="a">March Llanes, Jaume</subfield>
      <subfield code="e">author</subfield>
   </datafield>
   <datafield ind2=" " ind1=" " tag="720">
      <subfield code="a">Moya Higueras, Jorge</subfield>
      <subfield code="e">author</subfield>
   </datafield>
   <datafield ind2=" " ind1=" " tag="720">
      <subfield code="a">Jaqueira, Ana Rosa</subfield>
      <subfield code="e">author</subfield>
   </datafield>
   <datafield ind2=" " ind1=" " tag="720">
      <subfield code="a">Coelho de Araújo, Paulo</subfield>
      <subfield code="e">author</subfield>
   </datafield>
   <datafield ind2=" " ind1=" " tag="720">
      <subfield code="a">Paolo, Giorgio</subfield>
      <subfield code="e">author</subfield>
   </datafield>
   <datafield ind2=" " ind1=" " tag="720">
      <subfield code="a">Carcereri, Lorenzo</subfield>
      <subfield code="e">author</subfield>
   </datafield>
   <datafield ind2=" " ind1=" " tag="720">
      <subfield code="a">Berti, Francesca</subfield>
      <subfield code="e">author</subfield>
   </datafield>
   <datafield ind2=" " ind1=" " tag="720">
      <subfield code="a">Đerić Nikolić, Tamara</subfield>
      <subfield code="e">author</subfield>
   </datafield>
   <datafield ind2=" " ind1=" " tag="720">
      <subfield code="a">Pacenti, Milivoj</subfield>
      <subfield code="e">author</subfield>
   </datafield>
   <datafield ind2=" " ind1=" " tag="720">
      <subfield code="a">Perković, Tamara</subfield>
      <subfield code="e">author</subfield>
   </datafield>
   <datafield ind2=" " ind1=" " tag="720">
      <subfield code="a">Prabucki, Bartosz</subfield>
      <subfield code="e">author</subfield>
   </datafield>
   <datafield ind2=" " ind1=" " tag="720">
      <subfield code="a">Waluch, Kazimierz</subfield>
      <subfield code="e">author</subfield>
   </datafield>
   <datafield ind2=" " ind1=" " tag="720">
      <subfield code="a">Ben Chaâbanne, Zhaira</subfield>
      <subfield code="e">author</subfield>
   </datafield>
   <datafield ind2=" " ind1=" " tag="720">
      <subfield code="a">Bouzid, Ezzeddine</subfield>
      <subfield code="e">author</subfield>
   </datafield>
   <datafield ind2=" " ind1=" " tag="720">
      <subfield code="a">Camacho, Rubén</subfield>
      <subfield code="e">author</subfield>
   </datafield>
   <datafield ind2=" " ind1=" " tag="260">
      <subfield code="c">2024</subfield>
   </datafield>
   <datafield ind2=" " ind1=" " tag="520">
      <subfield code="a">Coordinador proyecto: INEFC Pere Lavega i Burgués. Autores contenidos: INEFC: Pere Lavega; Queralt Prat; Verónica Muñoz; Francisco Lagardera; Conxa Duran; Rosa Rodríguez; Pedro Ruiz. Universitat de Lleida: Jaume March-Llanes; Jorge Moya-Higueras. Université de Coimbra: Ana Rosa Jaqueira; Paulo Coelho de Araújo. AGA: Giorgio Paolo; Lorenzo Carcereri; Francesca Berti. HSTIS/ CTGaSA: Tamara Đerić Nikolić; Milivoj Pacenti;Tamara Perković. IRSIE: Bartosz Prabucki; Kazimierz Waluch. ATSJSP: Zhaira Ben Chaâbanne; Ezzeddine Bouzid. AEJeST: Rubén Camacho.</subfield>
   </datafield>
   <datafield ind2=" " ind1=" " tag="520">
      <subfield code="a">Este documento corresponde al primer resultado intelectual del proyecto europeo Opportunity (622100-EPP-1-2020-1-ES-SPO-SCP), en el contexto de la convocatoria Erasmus+, y se desarrolla entre el 1 de enero de 2021 y el 31 de diciembre de 2023. Este proyecto está coordinado por el INEFC con otros ocho socios: AEJeST, AGA, Hrvatski Savez Tradicijskih Igara i Sportova, IRSIE, Universidad de Coímbra, ADISPAZ, la Universidad de Lleida y la Association Tunisienne de Sauvegarde des Jeux et Sports du Patrimoine. Para comprender la aportación de este manual es necesario presentar una
contextualización teórica del proyecto Opportunity.</subfield>
   </datafield>
   <datafield ind2=" " ind1=" " tag="520">
      <subfield code="a">Este manual corresponde a un resultado intelectual del proyecto Opportunity que ha contado con una cofinanciación de la Unión Europea. Financiado por la Unión Europea. No obstante, las opiniones y puntos de vista expresados son exclusivamente de los autores y no reflejan necesariamente los de la Unión Europea ni los de la Agencia Ejecutiva Europea de Educación y Cultura (EACEA). Ni la Unión Europea ni la EACEA pueden considerarse responsables de dichas opinio Programa Erasmus+ Sport Acción SCP - Asociaciones Colaborativas Código: 622100-EPP-1-2020-1-ES-SPO-SCP Título: OPORTUNITY: fomentando la inclusión social y la igualdad de género en contextos educativos formales y no formales mediante la aplicación de deportes y juegos tradicionales.</subfield>
   </datafield>
   <datafield tag="653" ind2=" " ind1=" ">
      <subfield code="a">Igualdad de género</subfield>
   </datafield>
   <datafield tag="653" ind2=" " ind1=" ">
      <subfield code="a">Juegos y deportes tradicionales</subfield>
   </datafield>
   <datafield tag="653" ind2=" " ind1=" ">
      <subfield code="a">Metodología de intervención práctica</subfield>
   </datafield>
   <datafield tag="653" ind2=" " ind1=" ">
      <subfield code="a">Buenas prácticas</subfield>
   </datafield>
   <datafield ind2="0" ind1="0" tag="245">
      <subfield code="a">Metodología de intervención práctica para promover la igualdad de género a través de los juegos y deportes tradicionales</subfield>
   </datafield>
</record></metadata></record></GetRecord></OAI-PMH>